000 00743nam a22001937a 4500
999 _c59266
_d59266
005 20221226150158.0
008 221226s1981ru xxu||||| |||| 00| 0 rus d
041 _arus
080 _a821.161.1 Л-49
100 _aЛермонтов, М. Ю.
_916588
245 _aСобрание сочинений в 4 томах.
_bТом 2. Поэмы /
_cМ. Ю. Лермонтов
250 _aиз. 2-е исправ. и доролненное
264 _aЛенинград :
_bНаука,
_c1980.
300 _a573 стр.
_b22 см.
653 _aКлассическая литература
653 _aРусская литература, 
653 _aკლასიკური ლიტერატურა
942 _2udc
_cBK